000 01113pam a2200349Ia 4500
001 5392632
003 ARRUPE
005 20161206081510.0
006 m u
007 cr cn|||||||||
008 890329s1989 enk sb 000 0beng d
010 _z 89006299
020 _z0415000572
035 _a(CaPaEBR)ebr10017795
035 _a(NNC)5392632
040 _aCaPaEBR
_cCaPaEBR
050 1 4 _aBX9418
_b.M83 1989eb
082 0 4 _a284/.2/092
_aB
_220
100 1 _aMullett, Michael A.
_927714
245 1 0 _aCalvin
_cMichael Mullett.
260 _aLondon ;
_aNew York :
_bRoutledge,
_c1989.
300 _a68 p. ;
_c22 cm.
490 1 _aLancaster pamphlets
504 _aIncludes bibliographical references (p. 67-68).
533 _aElectronic reproduction.
_bPalo Alto, Calif. :
_cebrary,
_d2003.
_nAvailable via World Wide Web.
_nAccess may be limited to ebrary affiliated libraries.
546 _aEnglish.
600 1 0 _aCalvin, Jean,
_d1509-1564.
_927715
650 0 _aReformation
_vBiography.
_927716
830 0 _aLancaster pamphlets.
_96010
942 _2lcc
_cMONOGRAPH
999 _c125815
_d125815